[Event "XXIV Festival A"]
[Site "Arco ITA"]
[Date "2002.10.20"]
[Round "3"]
[White "Kloster, Josef"]
[Black "Allegranti, Luca"]
[Result "1-0"]
[WhiteElo "2164"]
[BlackElo "1858"]
[PlyCount "83"]
[EventDate "2002.10.18"]

1. e4 e6 2. d4 d5 3. exd5 exd5 4. c4 Bb4+ 5. Nc3 Nf6 6. Bg5 c6 7. Nf3 O-O 8.
Be2 Be6 9. cxd5 Bxd5 10. O-O Be7 11. Re1 Nbd7 12. Nxd5 Nxd5 13. Bxe7 Nxe7 14.
Bd3 Nd5 15. Ne5 N7f6 16. Qb3 Qb6 17. Qxb6 axb6 18. a3 b5 19. Bc2 Rad8 20. Rad1
Rfe8 21. Bb3 g6 22. Kf1 Kg7 23. h3 Re7 24. g3 Rde8 25. Rc1 h6 26. Nf3 Nb6 27.
Rxe7 Rxe7 28. Re1 Rxe1+ 29. Kxe1 Nfd5 30. Kd2 Kf6 31. Ne5 Ke7 32. Ng4 h5 33.
Ne5 g5 34. Nd3 Kd6 35. Nc5 Kc7 36. Kd3 f6 37. Ke4 Nc4 38. Bxc4 bxc4 39. Kf5 b6
40. Ne4 g4 41. hxg4 hxg4 42. Nxf6 1-0

[Event "XXIV Festival A"]
[Site "Arco ITA"]
[Date "2002.10.20"]
[Round "3"]
[White "Knors, Rudi"]
[Black "Haldemann, Paul"]
[Result "0-1"]
[WhiteElo "2034"]
[BlackElo "2205"]
[PlyCount "80"]
[EventDate "2002.10.18"]

1. d4 Nf6 2. Nf3 e6 3. e3 b6 4. Bd3 Bb7 5. O-O d5 6. b3 Nbd7 7. Bb2 Bd6 8. Nbd2
O-O 9. Qe2 Ne4 10. Ne5 f6 11. Nxd7 Qxd7 12. c4 Rae8 13. Rad1 Qe7 14. f3 Nxd2
15. Qxd2 c5 16. Qc2 h6 17. Kh1 Qc7 18. h3 cxd4 19. exd4 dxc4 20. bxc4 e5 21. d5
Qe7 22. Bf5 Bc8 23. Rc1 Bd7 24. Qe4 Rc8 25. Rc2 Rc7 26. Rfc1 Rfc8 27. Qg4 Bxf5
28. Qxf5 Qd7 29. Qd3 Qa4 30. Qb3 Qb4 31. Qxb4 Bxb4 32. a4 a6 33. f4 exf4 34.
Bd4 Bc5 35. d6 Rd7 36. Bxc5 Rxc5 37. Rd2 b5 38. axb5 axb5 39. Rd4 g5 40. Re1
bxc4 0-1

[Event "XXIV Festival A"]
[Site "Arco ITA"]
[Date "2002.10.20"]
[Round "3"]
[White "Lommers, Frank"]
[Black "Astengo, Marcello"]
[Result "1-0"]
[WhiteElo "2212"]
[BlackElo "2092"]
[PlyCount "57"]
[EventDate "2002.10.18"]

1. e4 e6 2. d4 d5 3. Nc3 Nf6 4. e5 Nfd7 5. f4 c5 6. Nf3 Nc6 7. Be3 b6 8. Be2
Bb7 9. O-O Rc8 10. Kh1 Be7 11. a3 O-O 12. Qe1 a6 13. Qg3 f5 14. Rad1 Qc7 15.
Qh3 Rfd8 16. g4 fxg4 17. Qxg4 Nf8 18. Rg1 g6 19. h4 cxd4 20. Bxd4 Bc5 21. h5
Qf7 22. Kh2 Kh8 23. Ng5 Qe7 24. Bxc5 bxc5 25. hxg6 Nxg6 26. Qxe6 Re8 27. Nf7+
Kg7 28. Qxe7 Rxe7 29. Nd6 1-0

[Event "XXIV Festival A"]
[Site "Arco ITA"]
[Date "2002.10.20"]
[Round "3"]
[White "Luciani, Carlo"]
[Black "Lovati, Paolo"]
[Result "1/2-1/2"]
[WhiteElo "2227"]
[BlackElo "2097"]
[PlyCount "81"]
[EventDate "2002.10.18"]

1. e4 e6 2. d4 d5 3. Nd2 dxe4 4. Nxe4 Bd7 5. c4 Bc6 6. Nc3 Nf6 7. f3 Be7 8. Be3
b6 9. Qc2 Bb7 10. Rd1 O-O 11. Bd3 Qc8 12. Nge2 Nbd7 13. Ng3 Re8 14. O-O g6 15.
Be4 e5 16. d5 Bc5 17. Bxc5 Nxc5 18. b4 Ncd7 19. h4 Kg7 20. h5 Ng8 21. hxg6 hxg6
22. Qd2 Qd8 23. Bc2 f5 24. Ba4 Rf8 25. Rfe1 a5 26. Bxd7 axb4 27. Nb5 Qxd7 28.
Rxe5 Rfe8 29. Rde1 Rxe5 30. Rxe5 c6 31. Nd4 cxd5 32. Ne6+ Kf7 33. Nxf5 gxf5 34.
Qg5 Qxe6 35. Rxe6 Kxe6 36. Qe3+ Kd7 37. Qxb6 Bc6 38. cxd5 Bxd5 39. Qb5+ Ke6 40.
Qb6+ Kf7 41. Qxb4 1/2-1/2

[Event "XXIV Festival A"]
[Site "Arco ITA"]
[Date "2002.10.20"]
[Round "3"]
[White "Maneschi, Giuseppe"]
[Black "Swinkels, Robin"]
[Result "1-0"]
[WhiteElo "1800"]
[BlackElo "2169"]
[PlyCount "119"]
[EventDate "2002.10.18"]

1. d4 d5 2. Nf3 Nf6 3. e3 e6 4. Bd3 c5 5. b3 Nc6 6. Bb2 b6 7. Nbd2 Bb7 8. O-O
Bd6 9. Ne5 O-O 10. f4 Nb4 11. Be2 Ne4 12. a3 Nc6 13. Bd3 f5 14. Ndf3 Nxe5 15.
Nxe5 Bxe5 16. dxe5 Qe7 17. Qe2 Rad8 18. Bxe4 fxe4 19. Rad1 Rd7 20. Rd2 Qd8 21.
Qg4 Rf5 22. Rfd1 Kh8 23. Qh3 Bc8 24. g4 Rf8 25. f5 Qg5 26. f6 Rdf7 27. Qg3 h5
28. h3 gxf6 29. exf6 Rg8 30. Be5 Rg6 31. Rg2 hxg4 32. hxg4 Kg8 33. Qf4 Qxf4 34.
exf4 Rh7 35. g5 d4 36. Re1 Bb7 37. Rh2 Rxh2 38. Kxh2 b5 39. Kg1 Bd5 40. Kf2 Kf7
41. Ke2 e3 42. Bd6 c4 43. Be5 Rg8 44. Bxd4 Rh8 45. Bxe3 Rh2+ 46. Bf2 cxb3 47.
cxb3 Bxb3 48. Ke3 Kg6 49. Rg1 Bd5 50. Rg3 a6 51. Be1 Ra2 52. Kd4 Re2 53. Re3
e5+ 54. Rxe5 Rxe5 55. Kxe5 Bb3 56. Bd2 Bc2 57. f5+ Kf7 58. g6+ Kg8 59. f7+ Kg7
60. Bb4 1-0

[Event "XXIV Festival A"]
[Site "Arco ITA"]
[Date "2002.10.20"]
[Round "3"]
[White "Medancic, Rikard"]
[Black "De Napoli, Giuseppe"]
[Result "1-0"]
[WhiteElo "2268"]
[BlackElo "1861"]
[PlyCount "73"]
[EventDate "2002.10.18"]

1. b3 d5 2. Bb2 e6 3. f4 Nd7 4. Nf3 f5 5. e3 Ngf6 6. Be2 Be7 7. Nd4 Nc5 8. O-O
O-O 9. Qe1 a5 10. a4 Nce4 11. d3 Nd6 12. Nd2 c5 13. N4f3 b6 14. Qg3 Qe8 15.
Rae1 Bb7 16. Kh1 Rc8 17. Qh3 Qg6 18. Ne5 Qe8 19. Ndf3 Rc7 20. Ng5 Bd8 21. g4
d4+ 22. Bf3 fxg4 23. Nxg4 Bxf3+ 24. Rxf3 Nh5 25. Nxe6 Qxe6 26. Qxh5 Rcf7 27.
Rg1 Kh8 28. Ne5 Bf6 29. Nxf7+ Rxf7 30. e4 Bd8 31. Bc1 Kg8 32. f5 Qd7 33. Rh3
Bf6 34. Qxh7+ Kf8 35. Qg6 Ke7 36. Bf4 Qc6 37. Qg2 1-0

[Event "XXIV Festival A"]
[Site "Arco ITA"]
[Date "2002.10.20"]
[Round "3"]
[White "Papp, Gabor"]
[Black "Borgo, Giulio"]
[Result "1/2-1/2"]
[WhiteElo "2375"]
[BlackElo "2430"]
[PlyCount "115"]
[EventDate "2002.10.18"]

1. e4 c5 2. Nf3 e6 3. d4 cxd4 4. Nxd4 a6 5. Bd3 Ne7 6. O-O Nbc6 7. Nxc6 Nxc6 8.
Be3 Be7 9. f4 d6 10. Nd2 Rb8 11. Qf3 Nb4 12. Ba7 Ra8 13. Bd4 O-O 14. Nc4 b5 15.
Nb6 e5 16. Bf2 Rb8 17. Nxc8 Rxc8 18. fxe5 Nxd3 19. Qxd3 dxe5 20. Qe2 Qc7 21. c3
Qc4 22. Qf3 Rfd8 23. Qf5 f6 24. b3 Qc6 25. a4 Qd7 26. axb5 axb5 27. Ra7 Qxf5
28. exf5 Bf8 29. Rb7 Rd5 30. Rc1 e4 31. g4 h5 32. h3 hxg4 33. hxg4 b4 34. c4
Rd3 35. Re1 Re8 36. Re3 Bc5 37. Re2 e3 38. Be1 Rxb3 39. Rb5 Bd4 40. Rxb4 Rxb4
41. Bxb4 Re4 42. Kg2 Be5 43. Rc2 e2 44. Kf2 Bd6 45. c5 Bxc5+ 46. Rxc5 Rxb4 47.
Kxe2 Rxg4 48. Kf3 Rd4 49. Rc1 Kf8 50. Rc7 Rd5 51. Kf4 Re5 52. Ra7 Re7 53. Rxe7
Kxe7 54. Ke3 Kf8 55. Kf4 Kf7 56. Kf3 Kg8 57. Kg4 Kf7 58. Kf3 1/2-1/2

[Event "XXIV Festival A"]
[Site "Arco ITA"]
[Date "2002.10.20"]
[Round "3"]
[White "Papp, Tamas"]
[Black "Valenti, Giuseppe"]
[Result "0-1"]
[WhiteElo "2078"]
[BlackElo "2230"]
[PlyCount "80"]
[EventDate "2002.10.18"]

1. e4 c5 2. Nf3 e6 3. Nc3 a6 4. g3 Nc6 5. Bg2 Nf6 6. d4 cxd4 7. Nxd4 Qc7 8. Nb3
Be7 9. O-O d6 10. a4 b6 11. Kh1 O-O 12. f4 Rb8 13. Be3 Re8 14. g4 Bf8 15. g5
Nd7 16. Rf3 Nb4 17. Rh3 g6 18. Qd2 Bg7 19. Nd1 Qc4 20. c3 Nd3 21. Nd4 e5 22. b3
Qc7 23. Ne2 N7c5 24. f5 Nxb3 25. Qxd3 Nxa1 26. c4 d5 27. cxd5 Qc2 28. Qxc2 Nxc2
29. Rf3 Bd7 30. fxg6 hxg6 31. Nec3 Rbc8 32. h3 b5 33. axb5 axb5 34. Bc1 Nd4 35.
Rd3 b4 36. Na2 Rc2 37. Bb2 Bb5 38. Re3 Rd2 39. Re1 Be2 40. Bxd4 exd4 0-1

[Event "XXIV Festival A"]
[Site "Arco ITA"]
[Date "2002.10.20"]
[Round "3"]
[White "Roversi, Stefano"]
[Black "Egger, Martin"]
[Result "0-1"]
[WhiteElo "2043"]
[BlackElo "2006"]
[PlyCount "92"]
[EventDate "2002.10.18"]

1. e4 g6 2. d4 Bg7 3. f4 d5 4. e5 c5 5. Bb5+ Nc6 6. Nc3 cxd4 7. Qxd4 e6 8. Nf3
Nge7 9. O-O O-O 10. Bxc6 Nxc6 11. Qf2 b6 12. Be3 Ba6 13. Rfd1 Na5 14. b3 Qc7
15. Na4 Rac8 16. Rac1 Nb7 17. Rd4 Nc5 18. Nxc5 bxc5 19. Ra4 Bb5 20. Ra3 d4 21.
Bd2 Rfe8 22. Ra5 Qb6 23. a4 Bd7 24. Qe2 Bf8 25. Ra6 Qb7 26. Ra5 Bc6 27. Re1
Bxf3 28. gxf3 Red8 29. Rb5 Qc6 30. Qe4 c4 31. Qxc6 Rxc6 32. Ba5 Rd7 33. Rb8 Kg7
34. b4 c3 35. b5 Rc4 36. Bd8 Bc5 37. Bf6+ Kh6 38. Bg5+ Kh5 39. Rh8 f5 40. Kg2
d3 41. cxd3 Rb4 42. Rc1 Rb2+ 43. Kh3 Bd4 44. Rd8 Rxd8 45. Bxd8 c2 46. a5 Be3
0-1

[Event "XXIV Festival A"]
[Site "Arco ITA"]
[Date "2002.10.20"]
[Round "3"]
[White "Rudolf, Anna"]
[Black "Okkes, Menno"]
[Result "0-1"]
[WhiteElo "2100"]
[BlackElo "2297"]
[PlyCount "112"]
[EventDate "2002.10.18"]

1. e4 c6 2. c4 d5 3. exd5 cxd5 4. cxd5 Nf6 5. Nc3 Nxd5 6. d4 e6 7. Nf3 Be7 8.
Bd3 Nc6 9. O-O O-O 10. Re1 Nf6 11. a3 b6 12. Bb1 Bb7 13. Qd3 Re8 14. Bg5 g6 15.
Ba2 Nd5 16. Ne4 Bxg5 17. Nexg5 Kg7 18. Rad1 h6 19. Ne4 Nce7 20. Ne5 Nf5 21. Bb3
Nf6 22. f3 Qe7 23. Nxf6 Qxf6 24. Ng4 Qe7 25. Qb5 h5 26. Nf2 Qf6 27. Qe5 Rad8
28. Ne4 Bxe4 29. Rxe4 Qxe5 30. dxe5 Rxd1+ 31. Bxd1 Rd8 32. Be2 Rd2 33. b3 Nd4
34. Bc4 b5 35. Bf1 g5 36. a4 a6 37. axb5 axb5 38. Re3 f6 39. exf6+ Kxf6 40. Rd3
Rxd3 41. Bxd3 b4 42. Bc4 Nc6 43. Bb5 Na5 44. Ba4 Ke5 45. g3 Kd4 46. h4 gxh4 47.
gxh4 Kc3 48. Be8 Nxb3 49. Bxh5 Nd4 50. Bg6 Nxf3+ 51. Kf2 Nxh4 52. Bf7 e5 53.
Ba2 Nf5 54. Kf3 Nd6 55. Ke3 Kc2 56. Bd5 b3 0-1

[Event "XXIV Festival A"]
[Site "Arco ITA"]
[Date "2002.10.20"]
[Round "3"]
[White "Skembris, Spyridon"]
[Black "Pap, Gyula"]
[Result "1-0"]
[WhiteElo "2426"]
[BlackElo "2126"]
[PlyCount "71"]
[EventDate "2002.10.18"]

1. d4 e6 2. c4 Nf6 3. Nf3 d5 4. Nc3 Nbd7 5. Bg5 c6 6. cxd5 exd5 7. e3 Be7 8.
Bd3 O-O 9. O-O Nh5 10. Bxe7 Qxe7 11. Ne5 g6 12. Nxd7 Bxd7 13. a3 Ng7 14. b4 a6
15. Re1 Bf5 16. Bf1 Qg5 17. a4 h5 18. b5 axb5 19. axb5 Ne6 20. Qb3 Qe7 21. Rec1
Ng5 22. Ra4 Rxa4 23. Qxa4 Rc8 24. bxc6 bxc6 25. Qa6 Qd8 26. Ne2 Bd7 27. Nf4 Ne6
28. Nxe6 fxe6 29. Qa7 Ra8 30. Qc5 Qf8 31. Qc2 Kg7 32. Bd3 Be8 33. h4 Qe7 34.
Qb2 Qc7 35. Rb1 Ra7 36. g3 1-0

[Event "XXIV Festival A"]
[Site "Arco ITA"]
[Date "2002.10.20"]
[Round "3"]
[White "Svensson, Leif"]
[Black "Blasco, Domenico"]
[Result "1-0"]
[WhiteElo "2199"]
[BlackElo "2056"]
[PlyCount "73"]
[EventDate "2002.10.18"]

1. d4 Nf6 2. Nc3 d5 3. e4 Nxe4 4. Nxe4 dxe4 5. Bc4 Bf5 6. c3 e6 7. Qb3 Qc8 8.
d5 Be7 9. dxe6 Bxe6 10. Bxe6 Qxe6 11. Qxb7 Qc6 12. Qc8+ Bd8 13. Qg4 O-O 14. Ne2
f5 15. Qg3 Na6 16. O-O Be7 17. Nd4 Qb6 18. Qe5 Qf6 19. Qd5+ Qf7 20. Nxf5 Bc5
21. Qxf7+ Rxf7 22. Ng3 Re8 23. b4 Bd6 24. Be3 c6 25. Rad1 Be5 26. Nxe4 Bxh2+
27. Kxh2 Rxe4 28. Rd8+ Rf8 29. Rxf8+ Kxf8 30. Bxa7 Rc4 31. a4 Rxc3 32. b5 cxb5
33. axb5 Nc5 34. Rd1 Ke7 35. Rd5 Nb7 36. Bd4 Ke6 37. Re5+ 1-0

[Event "XXIV Festival A"]
[Site "Arco ITA"]
[Date "2002.10.20"]
[Round "3"]
[White "Trauth, Michael"]
[Black "Fontanari, Maurizio"]
[Result "1-0"]
[WhiteElo "2237"]
[BlackElo "2034"]
[PlyCount "71"]
[EventDate "2002.10.18"]

1. Nf3 c5 2. c4 Nf6 3. g3 b6 4. Bg2 Bb7 5. O-O e6 6. Nc3 Be7 7. d4 cxd4 8. Qxd4
O-O 9. Rd1 Nc6 10. Qf4 d6 11. Nd4 e5 12. Nxc6 Bxc6 13. Qd2 Bxg2 14. Kxg2 Qc7
15. b3 Rad8 16. e4 Qb7 17. f3 Ne8 18. Ba3 Qd7 19. Rac1 f5 20. Nd5 Kh8 21. Rc3
g5 22. Rd3 g4 23. exf5 Rxf5 24. fxg4 Bg5 25. Qe2 Rf7 26. h4 Bh6 27. g5 Bg7 28.
Qe4 Qe6 29. Bc1 Kg8 30. Ne3 Bf8 31. Qd5 Qg6 32. Ng4 Nc7 33. h5 Qf5 34. Nf6+ Kh8
35. Qxf7 Ne6 36. Qg8# 1-0

[Event "XXIV Festival A"]
[Site "Arco ITA"]
[Date "2002.10.21"]
[Round "4"]
[White "Ager, Josef"]
[Black "Diotallevi, Maurizio"]
[Result "1/2-1/2"]
[WhiteElo "2223"]
[BlackElo "2094"]
[PlyCount "48"]
[EventDate "2002.10.18"]

1. Nf3 e6 2. g3 d5 3. Bg2 Bd6 4. O-O c6 5. d4 f5 6. Nbd2 Nf6 7. Ne1 O-O 8. Nd3
Bd7 9. Nf3 Be8 10. Bf4 h6 11. Qc1 Kh7 12. c4 Nh5 13. Bxd6 Qxd6 14. c5 Qe7 15.
Nf4 Nd7 16. Qe3 Bf7 17. Ne5 Nxe5 18. Qxe5 Rae8 19. Nxh5 Bxh5 20. f4 Qf6 21.
Rae1 Qxe5 22. fxe5 g5 23. e3 Rb8 24. Rc1 Be2 1/2-1/2

[Event "XXIV Festival A"]
[Site "Arco ITA"]
[Date "2002.10.21"]
[Round "4"]
[White "Allegranti, Luca"]
[Black "Papp, Tamas"]
[Result "0-1"]
[WhiteElo "1858"]
[BlackElo "2078"]
[PlyCount "122"]
[EventDate "2002.10.18"]

1. d4 d5 2. Nf3 Nf6 3. e3 e6 4. Bd3 Nbd7 5. Nbd2 c5 6. b3 Qc7 7. Bb2 Bd6 8. c4
O-O 9. O-O b6 10. Rc1 e5 11. cxd5 Nxd5 12. Ne4 exd4 13. Nxd6 Qxd6 14. exd4 Bb7
15. dxc5 Nxc5 16. Bc4 Rad8 17. Qd4 Ne6 18. Qg4 Qf4 19. Qh3 Ng5 20. Nxg5 Qxg5
21. Bxd5 Rxd5 22. Rc7 Rd3 23. f3 Qe3+ 24. Kh1 Qf2 25. Rg1 Rfd8 26. Qg3 Qxb2 27.
Rxb7 Rd1 28. Rb8 Rxg1+ 29. Kxg1 Qb1+ 30. Kf2 Qxa2+ 31. Kg1 Qb1+ 32. Kf2 Qc2+
33. Ke1 Qd2+ 34. Kf1 Qd7 35. Qe5 h6 36. Rxd8+ Qxd8 37. Qb5 Qd1+ 38. Kf2 Qd2+
39. Kf1 Qc1+ 40. Ke2 Qc2+ 41. Kf1 Kh7 42. Qd5 Qc7 43. h4 Qf4 44. h5 a5 45. Kf2
Qh4+ 46. Kf1 Qe7 47. Kf2 Kg8 48. Qa8+ Qf8 49. Qc6 Qc5+ 50. Qxc5 bxc5 51. Ke3
Kf8 52. Ke4 c4 53. bxc4 Ke7 54. c5 Kd7 55. Kd5 a4 56. Kc4 Kc6 57. Kb4 a3 58.
Kxa3 Kxc5 59. Kb3 Kd4 60. Kb4 Ke3 61. Kc5 Kf2 0-1

[Event "XXIV Festival A"]
[Site "Arco ITA"]
[Date "2002.10.21"]
[Round "4"]
[White "Astengo, Marcello"]
[Black "Antoniacci, Riccardo"]
[Result "1-0"]
[WhiteElo "2092"]
[BlackElo "1927"]
[PlyCount "79"]
[EventDate "2002.10.18"]

1. d4 d5 2. Nf3 Nf6 3. Bf4 c5 4. c3 Nc6 5. e3 Bf5 6. Qb3 Nh5 7. Qxb7 Nxf4 8.
Qxc6+ Bd7 9. Qa6 Ng6 10. Nbd2 Qb6 11. Qxb6 axb6 12. Bd3 c4 13. Bc2 f5 14. O-O
e6 15. b3 b5 16. bxc4 bxc4 17. Rfb1 Ba3 18. Rb7 Ke7 19. Rab1 Ra6 20. Ne1 Rha8
21. f3 Nf8 22. e4 Kf6 23. Nf1 Bc6 24. e5+ Kg6 25. Rc7 Nd7 26. g4 Nb6 27. gxf5+
exf5 28. Rxc6+ Kg5 29. Rbxb6 R6a7 30. Ng2 g6 31. h4+ Kh6 32. Bxf5 Bc1 33. Bb1
Ra3 34. Rb7 Rxc3 35. Rcc7 Rh8 36. Kf2 Ra3 37. Nh2 c3 38. Ng4+ Kh5 39. Nf6+ Kh6
40. Rxh7+ 1-0

[Event "XXIV Festival A"]
[Site "Arco ITA"]
[Date "2002.10.21"]
[Round "4"]
[White "Belotti, Bruno"]
[Black "Svensson, Leif"]
[Result "0-1"]
[WhiteElo "2419"]
[BlackElo "2199"]
[PlyCount "80"]
[EventDate "2002.10.18"]

1. e4 e5 2. Nf3 Nc6 3. Bc4 Nf6 4. d3 Bd6 5. c3 Na5 6. Bb5 c6 7. Ba4 b5 8. Bc2
Bc7 9. Nbd2 O-O 10. Nf1 d5 11. Qe2 dxe4 12. dxe4 Be6 13. b3 Qe7 14. Ng3 Rfe8
15. O-O Nb7 16. Nh4 Bg4 17. Qe1 g6 18. h3 Nd7 19. Nhf5 gxf5 20. hxg4 f4 21. Nf5
Qg5 22. g3 Nf6 23. f3 h5 24. gxh5 Nxh5 25. g4 Nd6 26. Nxd6 Bxd6 27. Kg2 Qg6 28.
Rh1 Ng3 29. Rh3 Kg7 30. Rxg3 fxg3 31. Be3 Rh8 32. Qxg3 Rh7 33. a4 a5 34. axb5
cxb5 35. c4 bxc4 36. bxc4 Qe6 37. c5 Bc7 38. Ra4 Rah8 39. Bd2 Qa6 40. Bd1 Rh1
0-1

[Event "XXIV Festival A"]
[Site "Arco ITA"]
[Date "2002.10.21"]
[Round "4"]
[White "Blagojevic, Dragisa"]
[Black "Skembris, Spyridon"]
[Result "1/2-1/2"]
[WhiteElo "2537"]
[BlackElo "2426"]
[PlyCount "97"]
[EventDate "2002.10.18"]

1. d4 Nf6 2. c4 e6 3. g3 d5 4. Nf3 Be7 5. Bg2 O-O 6. O-O dxc4 7. Ne5 c5 8. dxc5
Qc7 9. Nxc4 Bxc5 10. Nc3 Nbd7 11. Qb3 a6 12. Na4 Nd5 13. Nxc5 Nxc5 14. Qc2 Nd7
15. b3 b5 16. Bxd5 exd5 17. Ne3 Qxc2 18. Nxc2 Re8 19. Be3 Nf6 20. Nd4 Bd7 21.
Rfc1 Rac8 22. Rxc8 Rxc8 23. f3 h6 24. Bf4 g5 25. Bd2 Ne8 26. Kf2 f6 27. Rc1
Rxc1 28. Bxc1 Ng7 29. Nc2 a5 30. Bd2 b4 31. Ke1 Ne6 32. Be3 Nd8 33. Bb6 Nc6 34.
Ne3 Be6 35. Kd2 Kf7 36. Nd1 h5 37. Nb2 Bc8 38. Nd3 Ke6 39. Nc5+ Kd6 40. Nd3 Bf5
41. Nc5 Bc8 42. Ke3 d4+ 43. Kd2 f5 44. Nd3 Be6 45. Nb2 Kd5 46. Bc7 Kc5 47. Kd3
Kb5 48. Bd6 g4 49. f4 1/2-1/2

[Event "XXIV Festival A"]
[Site "Arco ITA"]
[Date "2002.10.21"]
[Round "4"]
[White "Blasco, Domenico"]
[Black "Giuriato, Sergio"]
[Result "1-0"]
[WhiteElo "2056"]
[BlackElo "1842"]
[PlyCount "107"]
[EventDate "2002.10.18"]

1. d4 Nf6 2. e3 e6 3. Bd3 c5 4. Nd2 b6 5. f4 Bb7 6. Ngf3 cxd4 7. exd4 Be7 8.
O-O O-O 9. Qe2 d6 10. Re1 Re8 11. Ng5 Bf8 12. Nde4 Nbd7 13. c3 h6 14. Nxf6+
Nxf6 15. Ne4 Nxe4 16. Bxe4 Bxe4 17. Qxe4 d5 18. Qd3 Qd7 19. Bd2 b5 20. Re3 a6
21. Rae1 Reb8 22. h4 b4 23. h5 Qa4 24. f5 bxc3 25. bxc3 Rb2 26. fxe6 fxe6 27.
Bc1 Rxa2 28. Rxe6 Qc2 29. Qg3 Ra1 30. Bxh6 Rxe1+ 31. Rxe1 Qh7 32. Qf3 Rd8 33.
Bg5 Rd7 34. Re8 Rf7 35. Bf4 Qf5 36. g3 Kh7 37. Re5 Qb1+ 38. Qf1 Qxf1+ 39. Kxf1
Bd6 40. Rxd5 Bxf4 41. gxf4 Rxf4+ 42. Ke2 Rf6 43. c4 Kg8 44. c5 Kf8 45. Kd3 Ke7
46. Rg5 Kf7 47. Kc4 Kf8 48. Kd5 Kf7 49. c6 Ke7 50. Kc5 Kd8 51. d5 Kc7 52. d6+
Kc8 53. Kb6 Kb8 54. Re5 1-0

[Event "XXIV Festival A"]
[Site "Arco ITA"]
[Date "2002.10.21"]
[Round "4"]
[White "Borgo, Giulio"]
[Black "Medancic, Rikard"]
[Result "0-1"]
[WhiteElo "2430"]
[BlackElo "2268"]
[PlyCount "62"]
[EventDate "2002.10.18"]

1. e4 c5 2. Nf3 d6 3. d4 cxd4 4. Nxd4 Nf6 5. f3 a6 6. c4 e6 7. Nc3 Be7 8. Be3
Qc7 9. Rc1 b6 10. Be2 Bb7 11. O-O O-O 12. Qd2 Nbd7 13. Rc2 Rac8 14. Rb1 Kh8 15.
b4 Rg8 16. Rcc1 g5 17. Bxg5 Rg6 18. Be3 Rcg8 19. Bf1 Ne5 20. Qe2 Qb8 21. b5 d5
22. Nc6 Bxc6 23. bxc6 dxe4 24. f4 Nd3 25. Nxe4 Nxf4 26. Bxf4 Qxf4 27. Nxf6 Bxf6
28. Re1 Bd4+ 29. Kh1 Rh6 30. g3 Rxg3 31. Bg2 Rxh2+ 0-1

[Event "XXIV Festival A"]
[Site "Arco ITA"]
[Date "2002.10.21"]
[Round "4"]
[White "Burchert, Wolfgang"]
[Black "Jurkovic, Ante"]
[Result "0-1"]
[WhiteElo "2176"]
[BlackElo "2340"]
[PlyCount "108"]
[EventDate "2002.10.18"]

1. e4 e6 2. d4 d5 3. Nc3 Nf6 4. Bg5 Be7 5. e5 Nfd7 6. h4 Bxg5 7. hxg5 Qxg5 8.
Qd3 g6 9. Nf3 Qe7 10. Qe3 a6 11. Ng5 h5 12. O-O-O c5 13. f4 cxd4 14. Qxd4 Nc6
15. Qd2 Nc5 16. g4 Bd7 17. gxh5 gxh5 18. Be2 h4 19. Rh3 O-O-O 20. Rdh1 Rdg8 21.
Nf3 f6 22. a3 fxe5 23. Nxe5 Nxe5 24. fxe5 Qg5 25. b4 Na4 26. Nxa4 Bxa4 27. Qxg5
Rxg5 28. Rxh4 Rxh4 29. Rxh4 Rxe5 30. Bd3 Re1+ 31. Kb2 e5 32. Bf5+ Kc7 33. Rh7+
Kb6 34. Rh6+ Ka7 35. Rd6 Bc6 36. a4 Kb6 37. a5+ Kc7 38. Re6 d4 39. Rh6 e4 40.
Re6 Bd5 41. Rh6 Rf1 42. Be6 Bc6 43. Bc4 Rf2 44. Kb3 Rf3+ 45. Kb2 Rc3 46. Bf1
Ba4 47. Rh7+ Kc6 48. Rh2 Kd6 49. Re2 Ke5 50. Rd2 Rf3 51. Bc4 Rh3 52. Bf1 Rh1
53. Bc4 Bc6 54. Re2 Bd5 0-1

[Event "XXIV Festival A"]
[Site "Arco ITA"]
[Date "2002.10.21"]
[Round "4"]
[White "Dalponte, Dino"]
[Black "Bondielli, Giorgio"]
[Result "1-0"]
[WhiteElo "2138"]
[BlackElo "2006"]
[PlyCount "69"]
[EventDate "2002.10.18"]

1. d4 f5 2. c3 Nf6 3. Bg5 e6 4. e3 Be7 5. Bxf6 Bxf6 6. Qh5+ g6 7. Qh6 Qe7 8.
Bd3 b6 9. Nf3 Bb7 10. Nbd2 Nc6 11. e4 O-O-O 12. O-O-O Rde8 13. Rhe1 Qf7 14. e5
Bg7 15. Qe3 h6 16. Qe2 Ne7 17. Ba6 Nd5 18. Bxb7+ Kxb7 19. g3 Rc8 20. Nb3 Rhf8
21. a3 h5 22. h3 Bh6+ 23. Kb1 g5 24. Rf1 g4 25. hxg4 fxg4 26. Nfd2 Qf5+ 27. Qe4
Qxe4+ 28. Nxe4 Rf5 29. Rh1 Rh8 30. Rh2 Bg5 31. Rdh1 Bd8 32. c4 Ne7 33. Nf6 Rf8
34. Nxd7 Rxf2 35. Nxf8 1-0

[Event "XXIV Festival A"]
[Site "Arco ITA"]
[Date "2002.10.21"]
[Round "4"]
[White "De Napoli, Giuseppe"]
[Black "Astengo, Corrado"]
[Result "1/2-1/2"]
[WhiteElo "1861"]
[BlackElo "2172"]
[PlyCount "45"]
[EventDate "2002.10.18"]

1. d4 d5 2. Nf3 Nf6 3. e3 Bf5 4. c4 c6 5. Qb3 Qb6 6. c5 Qxb3 7. axb3 Bxb1 8.
Rxb1 Nbd7 9. b4 a6 10. Bd3 g6 11. Bd2 Bg7 12. O-O O-O 13. h3 h6 14. Bc3 Ne4 15.
Bxe4 dxe4 16. Nd2 f5 17. Nc4 Nf6 18. Na5 Rab8 19. Rfe1 Nd5 20. Nc4 Rfd8 21. Ra1
Rd7 22. Rac1 Rbd8 23. Kf1 1/2-1/2

[Event "XXIV Festival A"]
[Site "Arco ITA"]
[Date "2002.10.21"]
[Round "4"]
[White "Di Lazzaro, Gabriele"]
[Black "Roversi, Stefano"]
[Result "1-0"]
[WhiteElo "1985"]
[BlackElo "2043"]
[PlyCount "97"]
[EventDate "2002.10.18"]

1. e4 c5 2. c3 d5 3. exd5 Qxd5 4. d4 Nc6 5. Nf3 Nf6 6. Be2 e6 7. O-O cxd4 8.
cxd4 Be7 9. Nc3 Qd8 10. h3 O-O 11. Be3 a6 12. Rc1 Nb4 13. Bf4 Nbd5 14. Bh2 b5
15. Ne5 Bb7 16. Nxd5 Nxd5 17. Nc6 Qe8 18. Nxe7+ Qxe7 19. Qd2 Rac8 20. Bf3 Qd7
21. Rc5 Nf6 22. Rxc8 Rxc8 23. Bxb7 Qxb7 24. Rc1 Rxc1+ 25. Qxc1 h6 26. Be5 Nd5
27. a3 a5 28. Bd6 a4 29. Bc5 Qc6 30. Qd2 Nf6 31. Qf4 Qe4 32. Qb8+ Kh7 33. Qxb5
Qe1+ 34. Qf1 Qd2 35. Qb1+ g6 36. g3 Qe2 37. b4 axb3 38. Qxb3 Ne4 39. Qe3 Qd1+
40. Kg2 Nd2 41. Qd3 Qc1 42. Bb4 Nc4 43. h4 h5 44. d5 exd5 45. Qxd5 Kg8 46. Qd4
Nxa3 47. Bc3 f6 48. Qxf6 Qh6 49. Qe6+ 1-0

[Event "XXIV Festival A"]
[Site "Arco ITA"]
[Date "2002.10.21"]
[Round "4"]
[White "Dittmar, Peter"]
[Black "Dervishi, Erald"]
[Result "0-1"]
[WhiteElo "2320"]
[BlackElo "2513"]
[PlyCount "80"]
[EventDate "2002.10.18"]

1. c4 e6 2. g3 d5 3. Bg2 Nf6 4. Nf3 Be7 5. O-O O-O 6. d4 b6 7. Nc3 Bb7 8. Ne5
Na6 9. Qa4 Qe8 10. Qxe8 Rfxe8 11. cxd5 exd5 12. Bg5 Ne4 13. Bxe7 Rxe7 14. e3 c5
15. Nd3 cxd4 16. exd4 Nc7 17. Rfe1 Rae8 18. a4 a5 19. Re3 f6 20. Rae1 Kf8 21.
Bf3 Bc6 22. Bd1 Ne6 23. Bb3 Nxd4 24. Bxd5 Nxc3 25. Bxc6 Nce2+ 26. R3xe2 Nxe2+
27. Kf1 Rc8 28. Bd5 Rd8 29. Bc4 Nd4 30. Rc1 g5 31. h4 h6 32. hxg5 hxg5 33. Kg2
Kg7 34. Rh1 Rc7 35. b3 Nxb3 36. Bxb3 Rxd3 37. Rb1 Rd4 38. Bd1 Rb4 39. Ra1 Rb2
40. Ra3 Rd7 0-1

[Event "XXIV Festival A"]
[Site "Arco ITA"]
[Date "2002.10.21"]
[Round "4"]
[White "Djuric, Stefan"]
[Black "Epishin, Vladimir V."]
[Result "1/2-1/2"]
[WhiteElo "2490"]
[BlackElo "2628"]
[PlyCount "25"]
[EventDate "2002.10.18"]

1. e4 c5 2. Nf3 e6 3. d4 cxd4 4. Nxd4 a6 5. c4 Bc5 6. Nc3 d6 7. Be2 Nf6 8. O-O
O-O 9. Rb1 e5 10. Nc2 Nc6 11. Bg5 Be6 12. b4 Bb6 13. Qd2 1/2-1/2

[Event "XXIV Festival A"]
[Site "Arco ITA"]
[Date "2002.10.21"]
[Round "4"]
[White "Drasko, Milan"]
[Black "Papp, Gabor"]
[Result "1-0"]
[WhiteElo "2477"]
[BlackElo "2375"]
[PlyCount "73"]
[EventDate "2002.10.18"]

1. Nf3 c5 2. c4 Nf6 3. g3 b6 4. Bg2 Bb7 5. O-O g6 6. d4 cxd4 7. Qxd4 Bg7 8. Nc3
Nc6 9. Qf4 O-O 10. Rb1 Rc8 11. Rd1 d6 12. b3 Nb8 13. Bb2 Nbd7 14. Ne1 Bxg2 15.
Nxg2 Nc5 16. Ne3 Ne6 17. Qh4 Nc7 18. b4 Qe8 19. a4 Qc6 20. b5 Qb7 21. Ncd5
Ncxd5 22. cxd5 Rc7 23. Rbc1 Rxc1 24. Rxc1 Nxd5 25. Nxd5 Bxb2 26. Qe4 Kg7 27.
Rc7 Qa8 28. Rxe7 Bf6 29. Rd7 Be5 30. Qc4 Qe8 31. Re7 Qd8 32. Qc7 Qxc7 33. Rxc7
Ra8 34. e3 Bf6 35. Rd7 a6 36. Nc7 Rc8 37. bxa6 1-0